00622nam a22001577a 4500020001600000040001100016082001500027100002600042245017400068260003500242300002800277650002300305942001300328999001900341952010400360 qHard Cover. cSINES. a570.2bHar aMah e Hareem.9104161 aIntegrated Machine Learning and Pharmacoinformatics Modeling Protocol for the Prediction of Angiotensin II Inhibition in Pulmonary Arterial Hypertension /cMahe e Hareem aIslamabad:bSINES-NUST,c2022. a128 p. :bill. ;c35cm. xMS-Bioinformatics. 2ddccTHE c592600d592600 00102ddc4070aRCMSbRCMScTHEd2022-12-05l0o570.2 HarpRCMS003356r2022-12-05w2022-12-05yREF